000
00237nam a2200097Ia 4500
005
20250424112926.0
008
250424s9999 xx 000 0 und d
300
_a
i, 127 p. 25 cm.
650
_a
Education--Nigeria--Periodical.
942
_c
SR
999
_c
37912
_d
37912